000 00314nam a2200121Ia 4500
008 220204s9999 xx 000 0 und d
082 _a658.386(035)
_bCRA
100 _aCraig, Robert L
245 0 _aTraining and development handbook
250 _aEd.2 and 3
260 _aNew York
_bMcGraw Hill
_c1976
942 _cBK
999 _c39688
_d39688